000 00355nam a22001577a 4500
003 OSt
008 231114b |||||||| |||| 00| 0 eng d
041 _aeng
082 _a428.1
_bBUI
100 _aGil , JG
_95580
245 _aBuilding Your Vocabulary
250 _aIst
260 _bMessrs DB Taraporevala
300 _a281pages.
942 _cBK
999 _c17786
_d17786